| 000 | 00351nam a22001337a 4500 | ||
|---|---|---|---|
| 020 | _a0-02-342610-1 | ||
| 082 | _a604.2 GIE'T | ||
| 100 |
_aSPENCER, HENRY CECIL,MITCHELL, ALVA,GIESECKE, FREDERICK E _965958 |
||
| 245 | _aTECHNICAL DRAWING | ||
| 260 |
_aNEWYORK _bMACMILLAN _c1980 |
||
| 300 | _a868P | ||
| 650 |
_aMECHANICAL DRAWING _9732 |
||
| 942 | _cBK | ||
| 999 |
_c579716 _d579716 |
||